[Event "2 Bundesliga Mitte 2006/2007"]
[Site "Wolfsberg"]
[Date "2006.11.25"]
[Round "3"]
[Board "4"]
[White "Zechner, Gernot"]
[Black "Kranzl, Peter"]
[Result "0-1"]
[WhiteElo "2245"]
[BlackElo "2258"]
[PlyCount "90"]
[EventDate "2006.10.28"]
[EventType "team"]
[EventRounds "11"]
[EventCountry "AUT"]
[WhiteTeam "ZH Technologies Wolfsberg"]
[BlackTeam "ASK St Valentin"]

1.d4 Nf6 2.c4 c5 3.d5 b5 4.cxb5 a6 5.bxa6 g6 6.Nc3 Bxa6 7.Nf3 Bg7 8.g3 O-O 9.Bg2
d6 10.O-O Nbd7 11.Rb1 Qa5 12.Qc2 Rfb8 13.Rd1 Ra7 14.b3 Ne8 15.Bb2 Bc8 16.Na4
Bxb2 17.Rxb2 Qb4 18.Rbb1 Ndf6 19.Nd2 Nc7 20.Nc3 Rba8 21.Rb2 h5 22.e4 Kg7 23.Nc4
Ba6 24.Bf1 Qb8 25.f4 Nb5 26.Nxb5 Bxb5 27.a4 Bxc4 28.Bxc4 Qb4 29.e5 Ng4 30.Qe2
Qc3 31.Rd3 Qc1+ 32.Kg2 dxe5 33.fxe5 Qg5 34.e6 f6 35.Bb5 Rd8 36.d6 Rxd6 37.Rxd6
exd6 38.Bd7 f5 39.Qd2 Qe7 40.Qc3+ Kh7 41.b4 cxb4 42.Qxb4 Rc7 43.Rd2 Ne3+ 44.Kf2
Ng4+ 45.Ke2 Rxd7

[Event "2 Bundesliga Mitte 2006/2007"]
[Site "Wolfsberg"]
[Date "2006.11.25"]
[Round "3"]
[Board "5"]
[White "Trauner, Rudolf"]
[Black "Waldmann, Gerald"]
[Result "1-0"]
[WhiteElo "2233"]
[BlackElo "2153"]
[PlyCount "137"]
[EventDate "2006.10.28"]
[EventType "team"]
[EventRounds "11"]
[EventCountry "AUT"]
[WhiteTeam "ASK St Valentin"]
[BlackTeam "ZH Technologies Wolfsberg"]

1.c4 e5 2.Nc3 Nc6 3.g3 Nf6 4.Bg2 Bc5 5.e3 O-O 6.a3 a5 7.Nge2 d6 8.O-O Bg4 9.h3
Bh5 10.g4 Bg6 11.d4 Ba7 12.b4 axb4 13.axb4 Bb6 14.Rxa8 Qxa8 15.Bxc6 bxc6 16.c5
Ba7 17.Qa4 Qb7 18.Bd2 Bd3 19.Ra1 Bb8 20.Ng3 Nd5 21.Nd1 Ne7 22.Qb3 Bg6 23.Qc3 e4
24.Qc4 Qc8 25.Ra8 h5 26.gxh5 Bf5 27.Nxf5 Qxf5 28.Qf1 Qxh5 29.Nc3 f5 30.Ne2 g5
31.Ng3 Qg6 32.Qg2 Kf7 33.f3 d5 34.Ra1 Ke6 35.fxe4 dxe4 36.Rf1 Rf7 37.Ne2 Qh7
38.Qg3 Kd7 39.Rf2 Nd5 40.Nc3 Ne7 41.Rg2 Ng6 42.Rf2 Nh4 43.Ne2 Nf3+ 44.Rxf3 exf3
45.Qxf3 Ba7 46.Kg2 Qg6 47.Ng3 Qe6 48.e4 Qa2 49.Qe2 Qe6 50.exf5 Qd5+ 51.Qe4 Qa2
52.Qd3 Qd5+ 53.Kh2 Qa2 54.Qe2 Re7 55.Qf2 Kc8 56.f6 Re8 57.Be3 Qb3 58.Bxg5 Qf7
59.Nf5 Qh7 60.Ng7 Rf8 61.Qf5+ Qxf5 62.Nxf5 Kd7 63.Kg3 Ke6 64.Ne7 Kd7 65.Kg4 Rb8
66.Kf5 Rxb4 67.f7 Rb1 68.f8=Q Rf1+ 69.Bf4

[Event "2 Bundesliga Mitte 2006/2007"]
[Site "Wolfsberg"]
[Date "2006.11.25"]
[Round "3"]
[Board "6"]
[White "Sternat, Roland"]
[Black "Petroczi, Thomas"]
[Result "1/2-1/2"]
[WhiteElo "2138"]
[BlackElo "2158"]
[PlyCount "29"]
[EventDate "2006.10.28"]
[EventType "team"]
[EventRounds "11"]
[EventCountry "AUT"]
[WhiteTeam "ZH Technologies Wolfsberg"]
[BlackTeam "ASK St Valentin"]

1.Nf3 Nf6 2.d4 e6 3.e3 b6 4.Bd3 Bb7 5.O-O Be7 6.Nbd2 d5 7.Re1 Ne4 8.c3 O-O 9.Qc2
f5 10.Ne5 Nd7 11.Ndf3 Ndf6 12.Nd2 Nxd2 13.Bxd2 c5 14.Rac1 Rc8 15.f3

[Event "2 Bundesliga Mitte 2006/2007"]
[Site "Wolfsberg"]
[Date "2006.11.26"]
[Round "4"]
[Board "1"]
[White "Zaja, Ivan"]
[Black "Meszaros, Tamas"]
[Result "1/2-1/2"]
[WhiteElo "2445"]
[BlackElo "2352"]
[PlyCount "97"]
[EventDate "2006.10.28"]
[EventType "team"]
[EventRounds "11"]
[EventCountry "AUT"]
[WhiteTeam "SG Alpine Raika Trofaiach Niklasdorf"]
[BlackTeam "SC Gleisdorf"]

1.d4 Nf6 2.c4 e6 3.Nf3 d5 4.Nc3 dxc4 5.e3 a6 6.a4 c5 7.Bxc4 Nc6 8.O-O Qc7 9.Qe2
Bd6 10.Rd1 O-O 11.h3 Re8 12.Ng5 Be7 13.Nge4 Nxe4 14.Nxe4 b6 15.dxc5 bxc5 16.Bd2
Bb7 17.Bc3 Ne5 18.Ng3 g6 19.Ba2 Rad8 20.f4 Nd7 21.Rf1 Bf6 22.e4 Bxc3 23.bxc3 Qc6
24.e5 Nb6 25.Bb1 c4 26.Be4 Qc5+ 27.Kh2 Nd5 28.Qf3 Ba8 29.Rae1 Qf8 30.Rd1 f5
31.exf6 Qxf6 32.Rd4 Nb6 33.Rfd1 Rxd4 34.Rxd4 Nd5 35.Rxc4 Rf8 36.a5 Kg7 37.Qg4
Kh8 38.Qf3 Qd8 39.Qd1 Qxa5 40.Qd4+ Kg8 41.Rc5 Qd8 42.Bxd5 Bxd5 43.Qe3 Qb6 44.c4
Bxc4 45.Ne4 Bd5 46.Nf6+ Kg7 47.Nd7 Qb2 48.Rxd5 exd5 49.Nxf8

[Event "2 Bundesliga Mitte 2006/2007"]
[Site "Wolfsberg"]
[Date "2006.11.26"]
[Round "4"]
[Board "2"]
[White "Horvath, Sandor"]
[Black "Bukal, Vladimir Jun"]
[Result "1/2-1/2"]
[WhiteElo "2310"]
[BlackElo "2407"]
[PlyCount "69"]
[EventDate "2006.10.28"]
[EventType "team"]
[EventRounds "11"]
[EventCountry "AUT"]
[WhiteTeam "SC Gleisdorf"]
[BlackTeam "SG Alpine Raika Trofaiach Niklasdorf"]

1.e4 c5 2.g3 Nc6 3.Bg2 g6 4.Ne2 Bg7 5.O-O d6 6.c3 e5 7.Na3 Nge7 8.Nc2 Qb6 9.d3
O-O 10.Rb1 Be6 11.c4 f5 12.f3 fxe4 13.fxe4 Rxf1+ 14.Bxf1 Qc7 15.Nc3 Qd7 16.Nd5
Rf8 17.Bg5 h6 18.Nxe7+ Nxe7 19.Bxe7 Qxe7 20.Ne3 h5 21.Nd5 Qf7 22.Qd2 Kh7 23.Bg2
Bh6 24.Qe2 Bg4 25.Qc2 Qe8 26.Rf1 Kg7 27.Rxf8 Qxf8 28.h3 Be6 29.Qf2 Qd8 30.h4 a6
31.Kh2 g5 32.hxg5 Qxg5 33.Bh3 Bxd5 34.exd5 a5 35.Bf5

[Event "2 Bundesliga Mitte 2006/2007"]
[Site "Wolfsberg"]
[Date "2006.11.26"]
[Round "4"]
[Board "3"]
[White "Bukal, Vladimir"]
[Black "Sandhu, Mario"]
[Result "1/2-1/2"]
[WhiteElo "2414"]
[BlackElo "2288"]
[PlyCount "80"]
[EventDate "2006.10.28"]
[EventType "team"]
[EventRounds "11"]
[EventCountry "AUT"]
[WhiteTeam "SG Alpine Raika Trofaiach Niklasdorf"]
[BlackTeam "SC Gleisdorf"]

1.c4 Nf6 2.Nc3 c5 3.g3 g6 4.Bg2 Bg7 5.e3 O-O 6.Nge2 Nc6 7.d4 cxd4 8.exd4 d6 9.h3
Bf5 10.g4 Bd7 11.d5 Ne5 12.b3 b5 13.cxb5 Qa5 14.O-O Bxb5 15.Nxb5 Qxb5 16.Be3
Rfc8 17.Nd4 Qa6 18.a4 Rc3 19.Rc1 Rxc1 20.Qxc1 Rc8 21.Qd2 Qb7 22.f4 Ned7 23.Nc6
Nc5 24.Bxc5 dxc5 25.Qe3 Bf8 26.Qxc5 Qxb3 27.Nxe7+ Bxe7 28.Qxc8+ Kg7 29.Qc6 Qe3+
30.Kh2 Qd4 31.Qc7 Qb4 32.g5 Nh5 33.Rc1 Bc5 34.d6 Bxd6 35.Qc8 Bf8 36.Qd8 Qa3
37.Qa5 Qg3+ 38.Kg1 Nxf4 39.Qd8 Kg8 40.Qb8 Kg7

[Event "2 Bundesliga Mitte 2006/2007"]
[Site "Wolfsberg"]
[Date "2006.11.26"]
[Round "4"]
[Board "4"]
[White "Frosch, Ronald"]
[Black "Stuhlik, Marko"]
[Result "1-0"]
[WhiteElo "2264"]
[BlackElo "2229"]
[PlyCount "66"]
[EventDate "2006.10.28"]
[EventType "team"]
[EventRounds "11"]
[EventCountry "AUT"]
[WhiteTeam "SC Gleisdorf"]
[BlackTeam "SG Alpine Raika Trofaiach Niklasdorf"]

1.d4 Nf6 2.Nf3 c6 3.Bg5 d6 4.c3 Nbd7 5.Nbd2 h6 6.Bh4 g5 7.Bg3 Nh5 8.e4 e6 9.Bd3
Nf4 10.Bxf4 gxf4 11.e5 Rg8 12.g3 d5 13.gxf4 f5 14.exf6 Qxf6 15.Ne5 Nxe5 16.fxe5
Qh4 17.Qf3 Bd7 18.O-O-O O-O-O 19.Rhg1 Be7 20.Rg3 Rgf8 21.Qg2 Bg5 22.Kb1 Bf4
23.Nf3 Qe7 24.Rg7 Rf7 25.Rxf7 Qxf7 26.Rg1 Rf8 27.Nh4 Kc7 28.Ng6 Rg8 29.h4 h5
30.Qf3 Be8 31.Qxh5 c5 32.Qg4 c4 33.Bc2 Kd7

[Event "2 Bundesliga Mitte 2006/2007"]
[Site "Wolfsberg"]
[Date "2006.11.26"]
[Round "4"]
[Board "5"]
[White "Mitter, Gerd"]
[Black "Wanderer, Thomas"]
[Result "0-1"]
[WhiteElo "2194"]
[BlackElo "2206"]
[PlyCount "82"]
[EventDate "2006.10.28"]
[EventType "team"]
[EventRounds "11"]
[EventCountry "AUT"]
[WhiteTeam "SG Alpine Raika Trofaiach Niklasdorf"]
[BlackTeam "SC Gleisdorf"]

1.Nf3 c5 2.c4 Nf6 3.g3 d5 4.Bg2 Nc6 5.cxd5 Nxd5 6.d4 Nf6 7.Qa4 Bd7 8.dxc5 e5
9.O-O Bxc5 10.Nc3 O-O 11.Bg5 Be7 12.Qb5 a6 13.Qb3 Be6 14.Qd1 Qa5 15.Qa4 Qc7
16.Rac1 Rfc8 17.Bxf6 Bxf6 18.Ne4 Be7 19.Neg5 Bf5 20.Qb3 Bg6 21.h4 h6 22.Nh3 Bf5
23.Nd2 Qd7 24.g4 Bxg4 25.Qe3 Nd4 26.Kh2 Rxc1 27.Rxc1 Nxe2 28.Re1 Nd4 29.Nc4 Nc2
30.Qxe5 Nxe1 31.Qxe1 Qc7+ 32.Kg1 Be6 33.Ne3 Bxh4 34.Qb4 Bxh3 35.Bxh3 Bg5 36.Nf5
Re8 37.Qd4 Qc1+ 38.Kg2 Bf6 39.Qd3 Qg5+ 40.Ng3 Rd8 41.Qc2 Be5

[Event "2 Bundesliga Mitte 2006/2007"]
[Site "Wolfsberg"]
[Date "2006.11.26"]
[Round "4"]
[Board "1"]
[White "Taggatz, Mario"]
[Black "Mohr, Georg"]
[Result "1/2-1/2"]
[WhiteElo "2283"]
[BlackElo "2478"]
[PlyCount "83"]
[EventDate "2006.10.28"]
[EventType "team"]
[EventRounds "11"]
[EventCountry "AUT"]
[WhiteTeam "Sauwald"]
[BlackTeam "Strassenbahn Graz"]

1.d4 e6 2.c4 f5 3.g3 Nf6 4.Bg2 Be7 5.Nf3 O-O 6.O-O d6 7.Nc3 Ne4 8.Nxe4 fxe4
9.Ne1 d5 10.Be3 Nc6 11.Rc1 Bf6 12.f3 dxc4 13.Rxc4 Ne5 14.Rc1 exf3 15.exf3 Nc6
16.Rc4 e5 17.d5 Ne7 18.Bc5 b6 19.Bxe7 Bxe7 20.Nd3 Ba6 21.Nxe5 Bf6 22.Re4 Bxf1
23.Bxf1 Qd6 24.f4 Rfe8 25.Qd4 Re7 26.Bb5 Rf8 27.h4 g6 28.Kg2 Bg7 29.Qe3 Rf5
30.g4 Rf8 31.Bc6 h6 32.Nxg6 Qxg6 33.Rxe7 Qxg4+ 34.Qg3 Rxf4 35.Qxg4 Rxg4+ 36.Kf3
Rxh4 37.Rxc7 Be5 38.Rxa7 Rf4+ 39.Ke3 Rf7 40.Rxf7 Kxf7 41.b3 Ke7 42.Ke4

[Event "2 Bundesliga Mitte 2006/2007"]
[Site "Wolfsberg"]
[Date "2006.11.26"]
[Round "4"]
[Board "2"]
[White "Butunoi, Alexandru"]
[Black "Testor, Sebastian"]
[Result "1-0"]
[WhiteElo "2404"]
[BlackElo "2233"]
[PlyCount "53"]
[EventDate "2006.10.28"]
[EventType "team"]
[EventRounds "11"]
[EventCountry "AUT"]
[WhiteTeam "Strassenbahn Graz"]
[BlackTeam "Sauwald"]

1.e4 e6 2.d4 d5 3.Nd2 Be7 4.e5 c5 5.c3 Nc6 6.Ngf3 Nh6 7.dxc5 Ng4 8.Bb5 Bxc5
9.O-O Qb6 10.Qe2 O-O 11.a4 f6 12.exf6 Rxf6 13.a5 Qc7 14.b4 Bxb4 15.Bb2 Bd6 16.h3
Nge5 17.c4 Rf8 18.Rfc1 Nxf3+ 19.Nxf3 Bf4 20.Rd1 a6 21.Ba4 dxc4 22.Be5 Rf5 23.Nd4
Rxe5 24.Nxc6 bxc6 25.Qxc4 Bd7 26.Rxd7 Qxd7 27.Qxf4

[Event "2 Bundesliga Mitte 2006/2007"]
[Site "Wolfsberg"]
[Date "2006.11.26"]
[Round "4"]
[Board "3"]
[White "Linhart, Wolfgang"]
[Black "Krebs, Johann"]
[Result "1/2-1/2"]
[WhiteElo "2223"]
[BlackElo "2276"]
[PlyCount "114"]
[EventDate "2006.10.28"]
[EventType "team"]
[EventRounds "11"]
[EventCountry "AUT"]
[WhiteTeam "Sauwald"]
[BlackTeam "Strassenbahn Graz"]

1.d4 c5 2.c3 Nf6 3.Nf3 b6 4.Bf4 g6 5.e3 Bg7 6.Be2 Ba6 7.Bxa6 Nxa6 8.Qe2 Qc8 9.h3
Qb7 10.a4 O-O 11.O-O d6 12.Na3 Nc7 13.a5 cxd4 14.exd4 Nfd5 15.Bd2 b5 16.Nc2 a6
17.Qe4 Ra7 18.Rae1 Ne6 19.Qh4 Rc8 20.Bh6 Bf6 21.Qg4 Qd7 22.Ne3 Nxe3 23.Rxe3 Rb7
24.Nd2 d5 25.f4 b4 26.Nf3 Ng7 27.Qxd7 Rxd7 28.g4 e6 29.Ne5 Rb7 30.Bg5 Bxg5
31.fxg5 Ne8 32.cxb4 Nd6 33.Nd3 Rc4 34.Rf4 Nb5 35.Nc5 Ra7 36.Nd3 Rxd4 37.Rxd4
Nxd4 38.Nc5 Kf8 39.Kf2 Nc6 40.Rb3 Ke7 41.Nxa6 Rxa6 42.b5 Rxa5 43.bxc6 Kd6 44.Rb7
Kxc6 45.Rxf7 Rb5 46.Rxh7 Rxb2+ 47.Kf3 Rb3+ 48.Ke2 d4 49.h4 Rg3 50.Rh6 Kd5
51.Rxg6 Rxg4 52.h5 Rh4 53.h6 e5 54.Rf6 Rh5 55.g6 d3+ 56.Kxd3 Rxh6 57.Ke3 Rh3+

[Event "2 Bundesliga Mitte 2006/2007"]
[Site "Wolfsberg"]
[Date "2006.11.26"]
[Round "4"]
[Board "4"]
[White "Pesorda, Ivan"]
[Black "Lautner, Josef"]
[Result "1/2-1/2"]
[WhiteElo "2250"]
[BlackElo "2262"]
[PlyCount "44"]
[EventDate "2006.10.28"]
[EventType "team"]
[EventRounds "11"]
[EventCountry "AUT"]
[WhiteTeam "Strassenbahn Graz"]
[BlackTeam "Sauwald"]

1.d4 d5 2.c4 e6 3.Nf3 c6 4.Nc3 dxc4 5.a4 Bb4 6.e3 b5 7.Bd2 a5 8.Rb1 Ba6 9.Ne5
Nf6 10.Qf3 Bxc3 11.bxc3 Qd5 12.Be2 O-O 13.O-O Ne4 14.Rfd1 g6 15.Nxc6 Nxc6
16.axb5 Bxb5 17.Rxb5 Qxb5 18.Qxe4 Qd5 19.Qc2 Rac8 20.e4 Qd6 21.Qa2 Kh8 22.Bxc4
Rfe8

[Event "2 Bundesliga Mitte 2006/2007"]
[Site "Wolfsberg"]
[Date "2006.11.26"]
[Round "4"]
[Board "5"]
[White "Niederwieser, Peter"]
[Black "Kratschmer, Heinz"]
[Result "1/2-1/2"]
[WhiteElo "2162"]
[BlackElo "2098"]
[PlyCount "34"]
[EventDate "2006.10.28"]
[EventType "team"]
[EventRounds "11"]
[EventCountry "AUT"]
[WhiteTeam "Sauwald"]
[BlackTeam "Strassenbahn Graz"]

1.d4 Nf6 2.c4 g6 3.Nc3 d5 4.cxd5 Nxd5 5.e4 Nxc3 6.bxc3 Bg7 7.Nf3 c5 8.Bb5+ Nc6
9.d5 Qa5 10.Rb1 a6 11.Bxc6+ bxc6 12.O-O Qxa2 13.Be3 cxd5 14.exd5 O-O 15.Bxc5 Rd8
16.Bxe7 Rxd5 17.Nd4 Bd7

[Event "2 Bundesliga Mitte 2006/2007"]
[Site "Wolfsberg"]
[Date "2006.11.26"]
[Round "4"]
[Board "6"]
[White "Kainz, Josef"]
[Black "Kuran, Avelino"]
[Result "1/2-1/2"]
[WhiteElo "2003"]
[BlackElo "1993"]
[PlyCount "121"]
[EventDate "2006.10.28"]
[EventType "team"]
[EventRounds "11"]
[EventCountry "AUT"]
[WhiteTeam "Strassenbahn Graz"]
[BlackTeam "Sauwald"]

1.d4 d5 2.c4 e6 3.Nf3 c6 4.e3 Nf6 5.Qc2 Nbd7 6.Nc3 Bd6 7.g4 dxc4 8.g5 Nd5 9.Bxc4
Nb4 10.Qe2 b5 11.Bb3 a5 12.a3 Na6 13.Bd2 a4 14.Bc2 Nc7 15.Ne4 Be7 16.h4 Nd5
17.Ng3 b4 18.e4 Ba6 19.Bd3 Bxd3 20.Qxd3 bxa3 21.bxa3 Nc7 22.Nh5 Nb5 23.Nxg7+ Kf8
24.Nh5 Nc5 25.Qe3 Nb3 26.Ra2 Nxd2 27.Qxd2 Nxa3 28.O-O Nb5 29.Rd1 Rg8 30.Kh1 a3
31.Ne5 c5 32.Qf4 Qe8 33.g6 Rg7 34.gxf7 Rxf7 35.Qh6+ Kg8 36.Rg1+ Kh8 37.Nxf7+
Qxf7 38.Rg7 Qf3+ 39.Kg1 Qxe4 40.Re2 Qb1+ 41.Kg2 Bf8 42.Qf6 Qf5 43.Rb7+ Qxf6
44.Nxf6 Bg7 45.Nh5 Nxd4 46.Ra2 Be5 47.f4 Rg8+ 48.Kh3 Nf3 49.Rxa3 Ng1+ 50.Kh2 Bd4
51.Ng3 c4 52.Rc7 c3 53.Rcxc3 Rg4 54.Rc7 Rg8 55.Rd3 e5 56.f5 e4 57.Nxe4 Be5+
58.Kh1 Bxc7 59.Nf6 Rf8 60.Nxh7 Kxh7 61.Kxg1

[Event "2 Bundesliga Mitte 2006/2007"]
[Site "Wolfsberg"]
[Date "2006.11.26"]
[Round "4"]
[Board "2"]
[White "Stohl, Igor"]
[Black "Kuba, Guenter"]
[Result "1/2-1/2"]
[WhiteElo "2558"]
[BlackElo "2391"]
[PlyCount "55"]
[EventDate "2006.10.28"]
[EventType "team"]
[EventRounds "11"]
[EventCountry "AUT"]
[WhiteTeam "Union Styria Kleine Zeitung Graz 2"]
[BlackTeam "Fuerstenfeld"]

1.c4 Nf6 2.Nc3 e5 3.e3 Bb4 4.Qc2 O-O 5.a3 Bxc3 6.Qxc3 Nc6 7.b4 d5 8.cxd5 Qxd5
9.b5 Ne4 10.Qd3 Qxd3 11.Bxd3 Nc5 12.Bc2 Na5 13.Bb2 e4 14.Bc3 Nab3 15.Rb1 Be6
16.f3 f5 17.Nh3 Bc4 18.Nf2 Rae8 19.Bb4 Rf7 20.Bxc5 Nxc5 21.Rb4 Bd5 22.Ke2 a5
23.Rd4 exf3+ 24.gxf3 Ne6 25.Ra4 Ng5 26.Rf4 Ne6 27.Ra4 Ng5 28.Rf4

[Event "2 Bundesliga Mitte 2006/2007"]
[Site "Wolfsberg"]
[Date "2006.11.26"]
[Round "4"]
[Board "3"]
[White "Kilgus, Georg"]
[Black "Danner, Georg"]
[Result "1-0"]
[WhiteElo "2360"]
[BlackElo "2411"]
[PlyCount "123"]
[EventDate "2006.10.28"]
[EventType "team"]
[EventRounds "11"]
[EventCountry "AUT"]
[WhiteTeam "Fuerstenfeld"]
[BlackTeam "Union Styria Kleine Zeitung Graz 2"]

1.d4 e6 2.c4 f5 3.g3 Nf6 4.Bg2 Be7 5.Nf3 O-O 6.O-O Qe8 7.Nc3 d6 8.b3 Nc6 9.d5
Nd8 10.dxe6 Nxe6 11.Nd5 Nxd5 12.cxd5 Nc5 13.Be3 a5 14.a3 a4 15.b4 Nb3 16.Ra2 Bf6
17.Nd2 Bd4 18.Bxd4 Nxd4 19.Nf3 Nxf3+ 20.Bxf3 f4 21.Qd4 Bf5 22.Rc1 Rf7 23.gxf4
Re7 24.e3 Be4 25.Bxe4 Rxe4 26.Qd1 Qf7 27.Rac2 Re7 28.Rc4 b5 29.Rd4 Rf8 30.Kh1
Qf5 31.Qd3 Qh3 32.Rg1 Rf6 33.Rg3 Qd7 34.Qe2 c5 35.dxc6 Qxc6+ 36.Qf3 Qxf3+
37.Rxf3 Rc7 38.Rg3 Rc3 39.Rg5 Rxa3 40.Rxb5 Rg6 41.Rg5 Rxg5 42.fxg5 Rb3 43.Rxd6
Rxb4 44.Ra6 Kf7 45.h3 Rb5 46.h4 Rb4 47.Kg2 Rxh4 48.f4 h6 49.g6+ Ke7 50.Kf3 Rh5
51.Rxa4 Rb5 52.e4 h5 53.f5 h4 54.Ra7+ Kf8 55.Ra8+ Ke7 56.Rg8 Kf6 57.Kf4 h3
58.Rf8+ Ke7 59.Rf7+ Ke8 60.Rxg7 h2 61.Rh7 Rb2 62.f6

[Event "2 Bundesliga Mitte 2006/2007"]
[Site "Wolfsberg"]
[Date "2006.11.26"]
[Round "4"]
[Board "4"]
[White "Wagner, Stephan"]
[Black "Gergacz, Attila"]
[Result "1/2-1/2"]
[WhiteElo "2231"]
[BlackElo "2230"]
[PlyCount "99"]
[EventDate "2006.10.28"]
[EventType "team"]
[EventRounds "11"]
[EventCountry "AUT"]
[WhiteTeam "Union Styria Kleine Zeitung Graz 2"]
[BlackTeam "Fuerstenfeld"]

1.c4 Nf6 2.Nc3 e6 3.e4 e5 4.g3 Bc5 5.Bg2 h5 6.h3 d6 7.d3 Be6 8.Rb1 Nc6 9.a3 a5
10.Nd5 Bxd5 11.cxd5 Nd4 12.b4 axb4 13.axb4 Bb6 14.Ne2 c6 15.dxc6 bxc6 16.O-O h4
17.Nxd4 Bxd4 18.g4 Nh7 19.Qc2 Rc8 20.Kh1 g5 21.Qc4 Qb6 22.Be3 Ke7 23.Ra1 c5
24.Ra6 Qb7 25.b5 Ra8 26.Bxd4 cxd4 27.Rfa1 Nf6 28.Bf3 Nd7 29.Bd1 Nc5 30.Bb3 Nxb3
31.Qxb3 Rxa6 32.Rxa6 Rd8 33.Qa4 Qc8 34.Rc6 Qb7 35.Qc4 Rd7 36.b6 Kd8 37.Kg2 Qb8
38.Qd5 Ke7 39.Kf3 Kd8 40.Ke2 Ke7 41.Qc4 Kd8 42.Qb5 Ke7 43.Qa5 Qb7 44.Qb5 Kd8
45.Qd5 Ke7 46.Rxd6 Qxd5 47.Rxd5 f6 48.Ra5 Kd6 49.Ra7 Kc6 50.Rxd7

[Event "2 Bundesliga Mitte 2006/2007"]
[Site "Wolfsberg"]
[Date "2006.11.26"]
[Round "4"]
[Board "5"]
[White "Poetz, Florian"]
[Black "Hatzl, Stefan"]
[Result "1/2-1/2"]
[WhiteElo "2079"]
[BlackElo "2159"]
[PlyCount "36"]
[EventDate "2006.10.28"]
[EventType "team"]
[EventRounds "11"]
[EventCountry "AUT"]
[WhiteTeam "Fuerstenfeld"]
[BlackTeam "Union Styria Kleine Zeitung Graz 2"]

1.e4 c5 2.Nf3 d6 3.Bb5+ Bd7 4.Bxd7+ Qxd7 5.c4 Nc6 6.Nc3 Nf6 7.O-O g6 8.d4 cxd4
9.Nxd4 Bg7 10.Nde2 O-O 11.f3 Rfc8 12.Rb1 Qd8 13.Be3 a6 14.a4 Nb4 15.b3 Nd7
16.Nd5 Nxd5 17.Qxd5 Nc5 18.Rfc1 Qf8

[Event "2 Bundesliga Mitte 2006/2007"]
[Site "Wolfsberg"]
[Date "2006.11.26"]
[Round "4"]
[Board "6"]
[White "Frank, Paul"]
[Black "Radnetter, Georg"]
[Result "1-0"]
[WhiteElo "2151"]
[BlackElo "1995"]
[PlyCount "131"]
[EventDate "2006.10.28"]
[EventType "team"]
[EventRounds "11"]
[EventCountry "AUT"]
[WhiteTeam "Union Styria Kleine Zeitung Graz 2"]
[BlackTeam "Fuerstenfeld"]

1.d4 e6 2.Nf3 Nf6 3.g3 c5 4.Bg2 Nc6 5.O-O cxd4 6.Nxd4 Bc5 7.Nb3 Bb6 8.c4 d5 9.c5
Bc7 10.Nc3 a6 11.h3 O-O 12.Be3 Bd7 13.f4 Na5 14.Nxa5 Bxa5 15.Bd4 Qe7 16.Rc1 Bb4
17.Kh2 Rac8 18.Qb3 Bxc5 19.Bxc5 Rxc5 20.Qxb7 Qd6 21.Qb4 Rb8 22.Qa3 Rc6 23.Qxd6
Rxd6 24.b3 Rc8 25.Nb1 Rdc6 26.Rxc6 Rxc6 27.Rd1 Kf8 28.Bf3 Ke7 29.Kg2 Rc5 30.Kf2
a5 31.Rd2 Bb5 32.Na3 Ba6 33.Rd4 Bb7 34.Ke3 Bc6 35.Kd2 Nd7 36.Nc2 f5 37.Rd3 Bb5
38.Re3 Nf6 39.Nd4 Ne4+ 40.Bxe4 fxe4 41.Rc3 Rxc3 42.Kxc3 Bd7 43.b4 axb4+ 44.Kxb4
g5 45.a4 gxf4 46.gxf4 e5 47.fxe5 Bxh3 48.Kc3 Bc8 49.Kd2 Kd7 50.Ke3 Kc7 51.Kf4
Kb6 52.e6 h5 53.Kg5 Ka5 54.Kxh5 Kxa4 55.Kg5 Kb4 56.Kf4 Kc4 57.Ke5 Kc5 58.e7 Bd7
59.Ne6+ Kc4 60.Nc7 Kc3 61.Nxd5+ Kd2 62.Kxe4 Be8 63.e3 Ke2 64.Nf6 Bg6+ 65.Kd4 Kf3
66.e8=Q

[Event "2 Bundesliga Mitte 2006/2007"]
[Site "Wolfsberg"]
[Date "2006.11.26"]
[Round "4"]
[Board "1"]
[White "Neubauer, Martin"]
[Black "Vogt, Lothar"]
[Result "1/2-1/2"]
[WhiteElo "2480"]
[BlackElo "2479"]
[PlyCount "41"]
[EventDate "2006.10.28"]
[EventType "team"]
[EventRounds "11"]
[EventCountry "AUT"]
[WhiteTeam "ASVOe Raika StVeit/Glan"]
[BlackTeam "Austria Graz"]

1.e4 c5 2.Nf3 Nc6 3.c3 e6 4.d4 d5 5.exd5 exd5 6.Bb5 Bd6 7.dxc5 Bxc5 8.O-O Nge7
9.Nbd2 O-O 10.Nb3 Bd6 11.Re1 Bg4 12.Be2 Qd7 13.Be3 Rfe8 14.h3 Bf5 15.Nbd4 Be4
16.Qd2 Rad8 17.Rad1 h6 18.Bf4 Ng6 19.Bxd6 Qxd6 20.g3 a6 21.Bf1

[Event "2 Bundesliga Mitte 2006/2007"]
[Site "Wolfsberg"]
[Date "2006.11.26"]
[Round "4"]
[Board "2"]
[White "Kotz, Heinz Peter"]
[Black "Rogic, Davor"]
[Result "0-1"]
[WhiteElo "2355"]
[BlackElo "2494"]
[PlyCount "88"]
[EventDate "2006.10.28"]
[EventType "team"]
[EventRounds "11"]
[EventCountry "AUT"]
[WhiteTeam "Austria Graz"]
[BlackTeam "ASVOe Raika StVeit/Glan"]

1.e4 e5 2.Nf3 Nc6 3.Bb5 a6 4.Bxc6 dxc6 5.O-O Bg4 6.h3 Bxf3 7.Qxf3 Qd7 8.d3 O-O-O
9.Nd2 f6 10.Nc4 h5 11.Rd1 Qe6 12.b3 g5 13.Qe3 Kb8 14.Bb2 Rh7 15.a4 Rhd7 16.Ba3
Bh6 17.Qf3 g4 18.hxg4 hxg4 19.Qe2 g3 20.fxg3 Rg7 21.Ne3 Rxg3 22.Nf5 Rg6 23.d4
Bf4 24.Qf3 Re8 25.d5 cxd5 26.Rxd5 Nh6 27.Rad1 Rgg8 28.Nxh6 Bxh6 29.Bc5 Bf4
30.Bf2 f5 31.Qd3 fxe4 32.Qxe4 Qh6 33.Kf1 Ref8 34.Ke2 Kc8 35.Rd7 Qh5+ 36.Qf3 Qf5
37.Qh3 Qe4+ 38.Kf1 Kb8 39.R7d3 b6 40.Re1 Qg6 41.Kg1 Rh8 42.Qd7 e4 43.Rh3 Rhg8
44.g3 e3

[Event "2 Bundesliga Mitte 2006/2007"]
[Site "Wolfsberg"]
[Date "2006.11.26"]
[Round "4"]
[Board "4"]
[White "Aschenbrenner, Robert"]
[Black "Smole, Albert"]
[Result "1-0"]
[WhiteElo "2280"]
[BlackElo "2136"]
[PlyCount "67"]
[EventDate "2006.10.28"]
[EventType "team"]
[EventRounds "11"]
[EventCountry "AUT"]
[WhiteTeam "Austria Graz"]
[BlackTeam "ASVOe Raika StVeit/Glan"]

1.d4 Nf6 2.c4 e6 3.Nc3 Bb4 4.f3 d5 5.a3 Bxc3+ 6.bxc3 h6 7.cxd5 exd5 8.e3 O-O
9.Bd3 c5 10.Ne2 Nc6 11.O-O cxd4 12.cxd4 Re8 13.Ra2 Bd7 14.Nf4 Na5 15.g4 b5
16.Rg2 g5 17.Nh5 Nxh5 18.gxh5 Nc4 19.Re1 Kh8 20.e4 Qb6 21.Kh1 Qe6 22.f4 dxe4
23.d5 Qf5 24.Bxc4 bxc4 25.Bb2+ f6 26.fxg5 hxg5 27.Rf1 Qh3 28.Qd4 Re5 29.Rxf6
Rae8 30.Rf8+ Kh7 31.Rxe8 c3 32.Qxe5 Bf5 33.Re7+ Kh6 34.Qf6+

[Event "2 Bundesliga Mitte 2006/2007"]
[Site "Wolfsberg"]
[Date "2006.11.26"]
[Round "4"]
[Board "5"]
[White "Kuess, Mario"]
[Black "Schrittwieser, Herbert"]
[Result "1/2-1/2"]
[WhiteElo "2138"]
[BlackElo "2214"]
[PlyCount "44"]
[EventDate "2006.10.28"]
[EventType "team"]
[EventRounds "11"]
[EventCountry "AUT"]
[WhiteTeam "ASVOe Raika StVeit/Glan"]
[BlackTeam "Austria Graz"]

1.f4 d5 2.Nf3 Nf6 3.e3 g6 4.Be2 Bg7 5.O-O O-O 6.d3 b6 7.Nc3 Bb7 8.Qe1 c5 9.Bd1
Nc6 10.Qh4 d4 11.exd4 Nxd4 12.Ng5 h6 13.Nge4 e6 14.Nxf6+ Qxf6 15.Qh3 Rfe8 16.Ne4
Qe7 17.Nd2 Rad8 18.Nc4 Qc7 19.Ne5 Nc6 20.Ng4 h5 21.Nf2 Nd4 22.Ne4 Nf5

[Event "2 Bundesliga Mitte 2006/2007"]
[Site "Wolfsberg"]
[Date "2006.11.26"]
[Round "4"]
[Board "6"]
[White "Pfaffel, Thomas"]
[Black "Eichhorn, Alfred"]
[Result "1-0"]
[WhiteElo "2144"]
[BlackElo "2096"]
[PlyCount "61"]
[EventDate "2006.10.28"]
[EventType "team"]
[EventRounds "11"]
[EventCountry "AUT"]
[WhiteTeam "Austria Graz"]
[BlackTeam "ASVOe Raika StVeit/Glan"]

1.e4 e6 2.d4 d5 3.Nd2 c5 4.exd5 Qxd5 5.Ngf3 cxd4 6.Bc4 Qd6 7.O-O Nf6 8.Nb3 Nc6
9.Qe2 Be7 10.Rd1 a6 11.Nbxd4 Nxd4 12.Rxd4 Qb6 13.a4 Bc5 14.a5 Qc7 15.Bf4 Qe7
16.Rd2 Ng4 17.Bg3 O-O 18.c3 Rd8 19.Rad1 Rxd2 20.Qxd2 b5 21.axb6 Bxb6 22.h3 Nf6
23.Bd6 Qe8 24.Qf4 Bb7 25.Bd3 Qc6 26.Be5 Ne4 27.Qg4 g6 28.Bxe4 Qxe4 29.Qg5 Qf5
30.Qh6 f6 31.Rd7